| 000 | 00876cam a22002534a 4500 | ||
|---|---|---|---|
| 999 |
_c2016 _d2016 |
||
| 003 | OSt | ||
| 005 | 20210706054347.0 | ||
| 008 | 050107s2006 njua b 001 0 eng | ||
| 020 | _a0131539086 | ||
| 040 | _cDLC | ||
| 042 | _apcc | ||
| 050 | 0 | 0 |
_aRJ506.B44 _bW534 2006 |
| 100 | 1 |
_aWicks-Nelson, Rita, _d1933- |
|
| 245 | 1 | 0 |
_aBehavior disorders of childhood / _cRita Wicks-Nelson, Allen C. Israel. |
| 250 | _a6th ed. | ||
| 260 |
_aUpper Saddle River, NJ : _bPearson Prentice Hall, _cc2006. |
||
| 300 |
_axxiv, 565 p. : _bill. ; _c26 cm. |
||
| 504 | _aIncludes bibliographical references (p. 452-527) and indexes. | ||
| 650 | 0 | _aBehavior disorders in children. | |
| 700 | 1 | _aIsrael, Allen C. | |
| 906 |
_a7 _bcbc _corignew _d1 _eocip _f20 _gy-gencatlg |
||
| 942 |
_2lcc _cBK _nMM |
||